Úvod do politológie

Bibliographic Details
Main Author: Kulašík, Peter, 1947- (Author)
Format: Book
Language:Slovak
PhysicalDescription:138 s. sch., tab. 25 cm
Published: Banská Bystrica Univerzita Mateja Bela 2002
ISBN:8080557373
Subjects:

MARC

LEADER 00000nam a2200000 a 4500
001 vtls001450692
003 SK-MaSNL
005 20260301203128.0
008 240318sm y0 xo r 0 slo
015 |a SNBA2003/09-03118 
020 |a 8080557373 
035 |a SNK000405985 
040 |a SNK  |b slo  |c SNK  |e AACR2 
044 |a xo  |c SK 
072 7 |a 321  |2 konspekt 
080 |a 321(075.8)  |2 2. slo 
080 |a 321  |2 1981 
080 |a (075.8)  |2 1981 
100 1 |a Kulašík, Peter,  |d 1947-  |4 aut  |9 222722 
245 1 0 |a Úvod do politológie  |c Peter Kulašik 
260 |a Banská Bystrica  |b Univerzita Mateja Bela  |c 2002 
300 |a 138 s.  |b sch., tab.  |c 25 cm 
500 |a 400 výt. 
504 |a Bibliogr. odkazy 
650 0 7 |a politológia  |2 SNKPH  |9 4684 
655 7 |a učebnice  |2 SNKPH  |9 22521 
655 7 |a učebnice vysokých škôl  |2 SNKPH  |9 70191 
919 |a 80-8055-737-3 
958 |a NB 
958 |a OND 
968 |d 32 
999 |c 901439  |d 903369 
952 |t P60, <03>, [BOOK], {603}  |a SNK  |b SNK  |y PREZ  |7 0  |p 17A0377602  |o snkSC 120126  |i snkKSP 3431/2003  |0 0  |1 0  |4 0  |d 2003-03-05  |l 0  |r 2025-05-29 00:00:00  |w 2026-02-24 
952 |t P60, <04>, [BOOK], {604}  |a SNK  |b SNK  |y VYP  |7 0  |p 17A0377603  |o snkSC 120126 D1  |i snkKSP 3432/2003  |0 0  |1 0  |4 0  |d 2003-03-05  |l 0  |r 2005-01-02 00:00:00  |w 2026-02-24